Score 0/21 Timer 03:00
0 Plays Today
Song Title Missing Word % Correct
(I've Had) The ____ Of My LifeTime
90.8%
All ____ Long (All Night)Night
90.3%
Don't ____ (Forget About Me)You
84.1%
____ The Way (I Like It)That's
82.4%
____ Ladies (Put A Ring On It)Single
80.3%
(Just Like) Starting ____Over
74.8%
I Wanna ____ With Somebody (Who Loves Me)Dance
73.2%
Mama ____ Me (Not To Come)Told
70.3%
Alone ____ (Naturally)Again
68.5%
In the ____ 2525 (Exordium & Terminus)Year
65.2%
Give Me ____ (Give Me Peace On Earth)Love
56.2%
Song Title Missing Word % Correct
Doo ____ (That Thing)Wop
45.6%
Come On Over ____ (All I Want Is You)Baby
44.2%
____ U A Drank (Shawty Snappin')Buy
37.2%
____ (You're A Fine Girl)Brandy
32.8%
(Can't Live Without Your) Love and ____Affection
32.4%
____ You (Falettinme Be Mice Elf Agin)Thank
23.9%
Morning ____ (Nine To Five)Train
22.8%
____ In Disguise (With Glasses)Judy
18.3%
____ (I Missed You)Stay
14.8%
Coming ____ (Live At Glasgow)Up
11.9%

Today's Daily Dose

Remove Ads.
Support Sporcle.
Get the best of Sporcle when you Go Orange. This ad-free experience offers more features, more stats, and more fun while also helping to support Sporcle. Thank you for becoming a member.

You're not logged in!

Compare scores with friends on all Sporcle quizzes.
OR
Log In

Show Comments

Extras

Top Quizzes Today


Score Distribution

Your Account Isn't Verified!

In order to create a playlist on Sporcle, you need to verify the email address you used during registration. Go to your Sporcle Settings to finish the process.

Report this User

Report this user for behavior that violates our Community Guidelines.

Details: